书目信息 |
| 题名: |
普通话训练教程
|
|
| 作者: | 任崇芬 主编 | |
| 分册: | ||
| 出版信息: | 重庆 西南师范大学出版社 1996 |
|
| 页数: | 276页 | |
| 开本: | 20cm | |
| 丛书名: | ||
| 单 册: | ||
| 中图分类: | H102 | |
| 科图分类: | 41.2011 | |
| 主题词: | 普通话--教材 | |
| 电子资源: | ||
| ISBN: | 7-5621-1490-0 | |
| 000 | 00592nam0 2200217 45 | |
| 001 | 0197105766 | |
| 005 | 20070608144453.93 | |
| 010 | @a7-5621-1490-0@dCNY9.50 | |
| 100 | @a19970320d1996 em y0chiy0120 ea | |
| 101 | 0 | @achi |
| 102 | @aCN@b510000 | |
| 105 | @ay z 000yy | |
| 200 | 10 | @a普通话训练教程@Apu tong hua xun lian jiao cheng@f任崇芬主编 |
| 210 | @a重庆@c西南师范大学出版社@d1996@h1999 | |
| 215 | @a276页@d20cm | |
| 606 | @a普通话@x教材 | |
| 690 | @aH102@v3 | |
| 692 | @a41.2011@v2 | |
| 701 | 0 | @a任崇芬@Aren chong fen@4主编 |
| 801 | 0 | @aCN@bTSSF@c20070608 |
| 905 | @a10447@dH102@e130 | |
| 普通话训练教程/任崇芬主编.-重庆:西南师范大学出版社,1996(1999) |
| 276页;20cm |
| ISBN 7-5621-1490-0:CNY9.50 |
| ● |
| 相关链接 |
|
|
|
|
正题名:普通话训练教程
索取号:H102/130
 
预约/预借
| 序号 | 登录号 | 条形码 | 馆藏地/架位号 | 状态 | 备注 |
| 1 | 0517428 | 205174283 | 第二样本阅览室/ [索取号:H102/130] | 在馆 |